• 首页
  • 本馆介绍
  • 公告通知
  • 最新文献
  • 馆藏检索
  • 电子资源
  • 读者导购
  • 参考咨询
  • 我的图书馆
  • 登录
  • 详细信息显示
  • 放入我的书架
  • 预约/预借图书
  • 作者相关作品
  • 分类相关作品
  • 丛书相关作品
  • 出版社相关作品

书目信息

  • 表格格式
  • 工作单格式
  • 卡片格式
题名:
钻冰取火记
    
 
作者: 郭友钊 著
分册:  
出版信息: 北京   科学出版社  2017.05
页数: 262页
开本: 26cm
丛书名:
单 册:
中图分类: P624-49
科图分类:
主题词: 地质勘探--普及读物
电子资源:
ISBN: 978-7-03-052655-7
000 00778nam0 2200217 450
001 4483
005 20181012100706.48
010    @a978-7-03-052655-7@dCNY99.00
100    @a20171018d2017 em y0chiy50 ea
101 0  @achi
102    @aCN@b110000
105    @aa z 000yy
200 1  @a钻冰取火记@9zuan bing qu huo ji@e新盗火者的故事@f郭友钊著
210    @a北京@c科学出版社@d2017.05
215    @a262页@c彩照@d26cm
330    @a本书内容包括:在火神庙旁、火葫芦里装了什么宝贝、从“炭”到“碳”、碳的百变之术、麻烦制造者、什刹海论冰、四位一体、二位母亲、冰王的行宫、万年冰洞、千年天池、月牙湖、初上高原等。
606 0  @a地质勘探@j普及读物
690    @aP624-49@v5
701  0 @a郭友钊@9guo you zhao@f(1965.9-)@4著
801  0 @aCN@b91MARC@c20171018
905    @aMuseLib@dP624-49@e87
    
    钻冰取火记:新盗火者的故事/郭友钊著.-北京:科学出版社,2017.05
    262页:彩照;26cm
    
    
    ISBN 978-7-03-052655-7:CNY99.00
    本书内容包括:在火神庙旁、火葫芦里装了什么宝贝、从“炭”到“碳”、碳的百变之术、麻烦制造者、什刹海论冰、四位一体、二位母亲、冰王的行宫、万年冰洞、千年天池、月牙湖、初上高原等。
●
相关链接 在E读中查询图书 在五车中查询图书 在当当中查询图书 在豆瓣中查询图书


正题名:钻冰取火记     索取号:P624-49/87         预约/预借

序号 登录号 条形码 馆藏地/架位号 状态 备注
1 1125331   211253310   第二样本阅览室/ [索取号:P624-49/87] 在馆    
2 1125332   211253329   密集书库-资源管理系/ [索取号:P624-49/87] 在馆    
3 1125333   211253338   第三借阅区/ [索取号:P624-49/87] 在馆    
4 1125334   211253347   第三借阅区/ [索取号:P624-49/87] 在馆    
5 1125335   211253356   第三借阅区/ [索取号:P624-49/87] 在馆    
唐山师范学院图书馆 欢迎您!
大连网信软件有限公司© 版权所有